000
00259 a2200097 4500
082
_a
624.162 KUM
100
_a
Kumar,Sushil
245
_a
Treasure of R.C.C Design /
_c
Sushil Kumar
260
_a
Delhi:
_c
Standard Book House,
_b
1999
300
_a
1284p. :
_b
ill . ;
_c
20 cm
650
_a
RCC design
999
_c
1170
_d
1170